| 000 | 01156nam a2200313 i 4500 | ||
|---|---|---|---|
| 001 | 183672 | ||
| 003 | ES-MaACL | ||
| 005 | 20231108113603.0 | ||
| 008 | 140918s1998 sp o |||| | spa d | ||
| 020 | _a84-86716-16-0 | ||
| 080 | _a027(460.27 M.) | ||
| 080 | _a930.25(460.27 M.) | ||
| 110 | 2 |
_aFundación Largo Caballero. _94355 |
|
| 245 | 1 | 0 |
_aGuía general del archivo y la biblioteca de la Fundación Francisco Largo Caballero / _cpor Nuria Franco, Ester Ramos y Jesús Rodríguez. |
| 250 | _a1ª ed. | ||
| 260 |
_aMadrid : _bFundación Francisco Largo Caballero, _c1998. |
||
| 300 |
_a116 p. : _bfot. col., il. ; _c24 cm. |
||
| 490 | 1 |
_aGuía de fuentes ; _v0 |
|
| 610 | 2 | 7 |
_aFundación Largo Caballero. _bBiblioteca. _9155552 |
| 610 | 2 | 7 |
_aFundación Largo Caballero. _bArchivo. _9155553 |
| 700 | 1 |
_aFranco, Nuria. _9155554 |
|
| 700 | 1 |
_aRamos Ruiz, Ester. _995356 |
|
| 700 | 1 |
_aRodríguez Salvanés, Jesús. _9155555 |
|
| 830 | 0 |
_aGuía de fuentes ; _v0 _9179465 |
|
| 852 |
_aES-MaACL _jA-13253 _9 190618 _bR.126559 _cDEPO1 _dOlim: N-6253 |
||
| 942 |
_2udc _cMONOGRAFIA |
||
| 999 |
_c183672 _d183672 |
||